000
00187nam a22000977a 4500
999
_c
65296
_d
65293
082
_a
297.7 ISL
100
_a
ISLAHI
245
_a
ETIQUTTES OF LIFE IN ISLAM
300
_a
521
942
_c
BK